000 00901nam a22002055i 4500
001 178622
003 ES-MaACL
005 20230906220556.0
008 110609s1969 sp |||| | spa d
080 _a616.5
100 1 _aGiménez Camarasa, José María.
_9147033
245 1 0 _aContribución al estudio de las dermatitis producidas por metales, con especial referencia al cobalto /
_cresumen de la tesis presentada para aspirar al grado de doctor en medicina por José Mª Giménez Camarasa.
260 _aBarcelona :
_bUniversidad de Barcelona, Secretariado de Publicaciones, Intercambio Científico y Extensión Universitaria :
_bIvern,
_c1969.
300 _a16 p. ;
_c24 cm.
500 _aCub. tomada como port.
504 _aBibliografía : p. 16.
650 0 4 _aPiel-
_xEnfermedades.
_915998
710 2 _aUniversidad de Barcelona.
_97141
852 _aES-MaACL
_jE-15361 (27)
_xOlim P-1374
999 _c178622
_d178622